U.S. States of the Frost Belt on a Map - Statistics

General Stats
  • This quiz has been taken 373 times
  • The average score is 23 of 24
Answers on the Map
Answers color-coded by a green-red scale on the quiz's map according to % correct below.
 
Answer Stats
Answer % Correct
Michigan
99%
Illinois
98%
New York
98%
Pennsylvania
98%
Indiana
97%
Minnesota
97%
Ohio
97%
Iowa
96%
Maine
96%
North Dakota
96%
South Dakota
96%
Wisconsin
96%
Kansas
95%
Missouri
94%
Nebraska
94%
New Hampshire
94%
New Jersey
94%
Rhode Island
94%
Vermont
94%
West Virginia
94%
Connecticut
93%
Maryland
93%
Massachusetts
93%
Kentucky
92%
No matching quizzes found
Score Distribution
Percent of People with Each Score
Percentile by Number Answered
Your Score History
You have not taken this quiz